An Equal Music (Record no. 5045)
[ view plain ]
| 000 -LEADER | |
|---|---|
| fixed length control field | 00424 a2200157 4500 |
| 020 ## - INTERNATIONAL STANDARD BOOK NUMBER | |
| International Standard Book Number | 1861591179 |
| 082 ## - DEWEY DECIMAL CLASSIFICATION NUMBER | |
| Classification number | 823 SET |
| 090 ## - LOCALLY ASSIGNED LC-TYPE CALL NUMBER (OCLC); LOCAL CALL NUMBER (RLIN) | |
| -- | 1082 |
| -- | 1082 |
| 100 ## - MAIN ENTRY--PERSONAL NAME | |
| Personal name | Seth , Vikram. |
| 245 ## - TITLE STATEMENT | |
| Title | An Equal Music |
| Statement of responsibility, etc. | Vikram Seth , |
| 260 ## - PUBLICATION, DISTRIBUTION, ETC. | |
| Place of publication, distribution, etc. | London : |
| Name of publisher, distributor, etc. | Pheonix House , |
| Date of publication, distribution, etc. | 1999. |
| 300 ## - PHYSICAL DESCRIPTION | |
| Extent | 381 p. |
| 500 ## - GENERAL NOTE | |
| General note | Includes Index |
| 650 ## - SUBJECT ADDED ENTRY--TOPICAL TERM | |
| Topical term or geographic name entry element | Chamber music groups--Fiction 2.Violinist--Fiction 3.Pianist--Fiction |
| 942 ## - ADDED ENTRY ELEMENTS (KOHA) | |
| Koha item type | Book |
| Call number prefix | 823 SET |
| Withdrawn status | Lost status | Damaged status | Not for loan | Collection code | Permanent Location | Current Location | Shelving location | Date acquired | Source of acquisition | Cost, normal purchase price | Total Checkouts | Total Renewals | Full call number | Barcode | Date last seen | Date last checked out | Price effective from | Koha item type |
|---|---|---|---|---|---|---|---|---|---|---|---|---|---|---|---|---|---|---|
| Central Library (CL) | Central Library (CL) | Fiction | 06/04/2005 | Academic Book Company | 895.50 | 2 | 3 | 823 SET | SEECS005869 | 11/24/2025 | 07/30/2025 | 01/05/2017 | Book |
